Statistics for Guess the soccer player

Click here to take the quiz!

General Stats

  • This quiz has been taken 3,070 times
  • The average score is 13 of 19

Answer Stats

ClubNationPositionAnswer% Correct
FC BarcelonaArgentinaRW, CFLionel Messi
100%
JuventusPortugalSTCristiano Ronaldo
99%
Paris Saint-GermainBrazilLWNeymar
98%
Tottenham HotspurEnglandSTHarry Kane
89%
Real MadridCroatiaCMLuka Modrić
89%
FC BarcelonaUruguaySTLuis Suárez
85%
Liverpool FCNetherlandsCBVirgil van Dijk
84%
Manchester UnitedSpainGKDavid de Gea
82%
JuventusArgentinaCAMPaulo Dybala
73%
Real MadridGermanyCMToni Kroos
71%
Real MadridBrazilLBMarcelo
65%
Paris Saint-GermainBrazilRBDani Alves
61%
Manchester CityEnglandRWRaheem Sterling
57%
AC MilanItalyGKGianluigi Donnarumma
55%
FC BarcelonaBrazilLWPhilippe Coutinho
48%
New York City FCSpainSTDavid Villa
46%
Olympique LyonnaisNetherlandsSTMemphis Depay
46%
JuventusBrazilLBAlex Sandro
42%
ArsenalArmeniaCAMHenrikh Mkhitaryan
10%

Score Distribution

Percentile by Number Answered

Percent of People with Each Score

Your Score History

You have not taken this quiz